Psychiatric Nursing (Record no. 910)

MARC details
000 -LEADER
fixed length control field 00268nhm a2200121za 4500
050 ## - CALL NUMBER
Classification number RC440 K36 KEL REF
100 ## - AUTHOR
Personal name Keltner,Norman L.
245 ## - TITLE
Title Psychiatric Nursing
260 ## - PUBLICATION INFORMATION
Place of publication St.Louis
300 ## - DESCRIPTION
Number of Pages Originally published: 1991.
700 ## - OTHER AUTHORS
Personal name Keltner
942 ## - ADDED ENTRY ELEMENTS (KOHA)
Koha item type Books
Holdings
Withdrawn status Lost status Home library Current library Shelving location Date acquired Full call number Accession Number Copy number Koha item type
    Methodist University Library Wenchi Nursing Methodist University Library Wenchi Nursing General Stacks 15/11/2017 RC440 K36 KEL REF 37224 1 Books
    Methodist University Library Wenchi Nursing Methodist University Library Wenchi Nursing General Stacks 15/11/2017 RC440 K36 KEL REF 35101 2 Books
Copyright © 2026  MUG Library